|
|
|
|
| LEADER |
00728ncm a22002052a 4500 |
| 001 |
001288940 |
| 003 |
CZ BrMZK |
| 005 |
20151030112624.0 |
| 007 |
qu |
| 008 |
130419s1946 ru |||||||||||||||||zxx d |
| 040 |
|
|
|a BOA001
|b cze
|
| 072 |
|
7 |
|a 785
|x Instrumentální hudba. Symfonická hudba. Hudba pro více nástrojů
|2 Konspekt
|9 9
|
| 100 |
1 |
|
|a Glièr, Rejngol‘d Moricevič,
|d 1875-1956
|7 jo2002162971
|4 cmp
|
| 245 |
1 |
0 |
|a Zapovit
|h [hudebnina] :
|b soč. 73 : simfoničeskaja noema /
|c R. Glier
|
| 260 |
|
|
|a Moskva :
|b Muzgiz,
|c 1946
|
| 300 |
|
|
|a 1 partitura (88 s.)
|
| 910 |
|
|
|a BOA001
|b Mus4-0195.636
|
| 990 |
|
|
|a MU
|
| 991 |
|
|
|b 201304
|
| 996 |
6 |
|
|b 2619525934
|c Mus4-0195.636
|l MZK
|r Sklad / do 1 hodiny
|n 0
|w 001323510
|u 000010
|a 1
|e BOA001
|j MZK50
|s P
|